000 00577nam a22001937a 4500
005 20170303142401.0
010 _aENG-117402
020 _a9788120352599
_c450.00
035 _aEN-100934
037 _bDBAD/PUB
082 _a631.1
100 _aSingh T.P.
245 _aFarm machinery /
_bby T. P. Singh
260 _aNew Delhi
_bPHI Learning
_c2017
270 _a111,Rimjhim house, patparganj Industrial Estate
300 _axii, 396p.:
_bill.
_c24cm.(pbk)
500 _aIncludes bibliographical references and index
942 _2ddc
_cEN
_h631.1
_kSIN
999 _c137999
_d137999